Beton konstruktionen im Hochbau

Salvato in:
Dettagli Bibliografici
Autori principali: Wieschemann, Paul Gerhard (Autore), Gatz, Konrad (Autore)
Natura: Libro
Lingua:tedesco
Pubblicazione: Munchen : Callwey, 1968
Soggetti:
Tags: Aggiungi Tag
Nessun Tag, puoi essere il primo ad aggiungerne!!

MARC

LEADER 00000nam a22000003a 4500
001 stu77201
005 20150617225642.3
008 020917s1968------------------------ger-d
040 |a STU  |b slo 
041 0 |a ger 
100 1 |a Wieschemann, Paul Gerhard  |4 aut 
245 1 |a Beton konstruktionen im Hochbau 
260 |a Munchen :  |b Callwey,  |c 1968 
300 |a 223 s 
650 7 |a konštrukcie betónové  |2 stusub 
700 1 |a Gatz, Konrad  |4 aut 
996 |b 284AU00083  |c A*3707 U  |l AAKNAR  |s A  |a 24  |w stu77201_0001